|
|
|
|
| LEADER |
01082nam a22002892a 4500 |
| 001 |
000249897 |
| 003 |
CZ BrMZK |
| 005 |
20100916144806.0 |
| 007 |
ta |
| 008 |
950101s1984 xr f cze d |
| 015 |
|
|
|a cnb000009979
|
| 035 |
|
|
|a (OCoLC)39577165
|
| 040 |
|
|
|a BOA001
|b cze
|d BOA001
|
| 100 |
1 |
|
|a Gebhart, Jan,
|d 1945-2018
|7 jk01032370
|4 aut
|
| 245 |
1 |
0 |
|a Partyzáni v Československu 1941-1945 /
|c Jan Gebhart, Ján Šimovček
|
| 250 |
|
|
|a 1. vyd.
|
| 260 |
|
|
|a Praha :
|b Naše vojsko,
|c 1984
|
| 300 |
|
|
|a 552 s.
|
| 490 |
1 |
|
|a Živá minulost ;
|v sv. 89
|
| 700 |
1 |
|
|a Šimovček, Ján,
|d 1923-2002
|7 mzk2005279322
|4 aut
|
| 830 |
|
0 |
|a Živá minulost (Naše vojsko)
|0 s
|
| 856 |
4 |
1 |
|u http://www.digitalniknihovna.cz/mzk/uuid/uuid:39c09420-6f5d-11e2-b9fa-005056827e52
|y Digitalizovaný dokument
|x NDK
|
| 910 |
|
|
|a BOA001
|b 2-0876.232
|
| 990 |
|
|
|a BK
|
| 991 |
|
|
|b 201005
|
| 996 |
6 |
|
|b 2619781484
|c 2-0876.232
|l MZK
|r Sklad / do 1 hodiny
|n 23
|w 000249897
|u 000020
|a 1
|e BOA001
|j MZK50
|s P
|
| 996 |
7 |
|
|b 2619902050
|c 2-0876.232
|l MZK
|r Sklad / do 1 hodiny
|n 31
|w 000249897
|u 000010
|a 1
|e BOA001
|j MZK50
|s A
|